El crecimiento sindical bajo el peronismo (Registro nro. 16215)
[ vista simple ]
| 000 -LEADER | |
|---|---|
| fixed length control field | 00329 a2200109 4500 |
| 001 - CONTROL NUMBER | |
| control field | ART_3179 |
| 005 - DATE AND TIME OF LATEST TRANSACTION | |
| control field | 20260410161712.0 |
| 008 - FIXED-LENGTH DATA ELEMENTS--GENERAL INFORMATION | |
| fixed length control field | 260409a |
| 100 1# - MAIN ENTRY--PERSONAL NAME | |
| Personal name | Doyon, Louise |
| 245 10 - TITLE STATEMENT | |
| Title | El crecimiento sindical bajo el peronismo |
| 773 0# - HOST ITEM ENTRY | |
| Title | Desarrollo económico |
| Related parts | - Vol. 15, Nº 57 (abr./jun. 1975) |
| Record control number | REV1174 |
No hay ítems disponibles.